Hollow Knight 112% - Statistics

General Stats
  • This quiz has been taken 466 times
  • The average score is 49 of 100
Answer Stats
Hint Answer % Correct
False Knight
75%
Number of Mask Shardsaround Hallownest 16
71%
Number of Vessel Fragmentsaround Hallownest 9
71%
Dash Slash
66%
Great Slash
65%
Grimm
63%
Herrah the Beast
62%
Markoth
62%
Pure Nail
62%
Cyclone Slash
61%
Descending Dark
61%
Monomon the Teacher
61%
Longnail
60%
Lurien the Watcher
60%
Vengeful Spirit
60%
Xero
59%
Abyss Shriek
58%
Wayward Compass
58%
Fragile Greed/Unbreakable Greed
57%
Fragile Strength/Unbreakable Strength
57%
Kingsoul/Void Heart
57%
Mantis Claw
57%
Mark of Pride
57%
Trial of the Fool
57%
Fragile Heart/Unbreakable Heart
56%
Gorb
56%
Mothwing Cloak
56%
Quick Slash
56%
Elder Hu
55%
Gruz Mother
55%
No Eyes
55%
Galien
54%
Hornet Protector
54%
Hornet Sentinel
54%
Howling Wraiths
54%
Mantis Lords
54%
Broken Vessel
53%
Desolate Dive
53%
Marmu
53%
Shade Soul
52%
Soul Master
52%
Dung Defender
51%
Grimmchild/Carefree Melody
51%
Quick Focus
51%
Shaman Stone
51%
Watcher Knights
51%
Dashmaster
50%
Deep Focus
50%
Grubsong
50%
Monarch Wings
50%
Nosk
50%
Uumuu
50%
Gathering Swarm
49%
Pantheon of the Artist
49%
Trial of the Warrior
49%
Sprintmaster
48%
Fury of the Fallen
47%
Pantheon of the Knight
47%
Soul Catcher
47%
Soul Eater
47%
Hiveblood
46%
Awakening the Dream Nail
45%
Grubberfly's Elegy
45%
Joni's Blessing
45%
Steady Body
45%
Thorns of Agony
45%
Pantheon of the Sage
44%
Shade Cloak
44%
Crystal Heart
43%
Defender's Crest
43%
Isma's Tear
43%
Heavy Blow
42%
Nightmare King Grimm/Banishment
42%
Traitor Lord
42%
Coiled Nail
41%
Lifeblood Core
41%
Sharpened Nail
41%
Sharp Shadow
41%
Spell Twister
41%
Spore Shroom
41%
Weaversong
41%
Dreamshield
40%
Flukenest
40%
Lifeblood Heart
40%
Pantheon of the Master
40%
Baldur Shell
38%
Glowing Womb
38%
Hive Knight
38%
Nailmaster's Glory
38%
Shape of Unn
38%
Brooding Mawlek
37%
The Collector
34%
Channelled Nail
33%
Stalwart Shell
32%
Dream Wielder
31%
Trial of the Conqueror
31%
Godtuner
28%
King's Brand
27%
Dream Nail acquired
26%
Hear the Seer's final words
14%
No matching quizzes found
Score Distribution
Percent of People with Each Score
Percentile by Number Answered
Your Score History
You have not taken this quiz